Environmental engineering / (Record no. 11494)
[ view plain ]
| 000 -LEADER | |
|---|---|
| fixed length control field | 00668nam a22002172 4500 |
| 001 - CONTROL NUMBER | |
| control field | 0000023833 |
| 005 - DATE AND TIME OF LATEST TRANSACTION | |
| control field | 20151217154506.0 |
| 008 - FIXED-LENGTH DATA ELEMENTS--GENERAL INFORMATION | |
| fixed length control field | 130403s xx 000 0 eng d |
| 020 ## - INTERNATIONAL STANDARD BOOK NUMBER | |
| International Standard Book Number | 0750672948 : |
| 040 ## - CATALOGING SOURCE | |
| Original cataloging agency | KABU |
| Transcribing agency | KABU |
| 100 1# - MAIN ENTRY--PERSONAL NAME | |
| Personal name | Weiner, Ruth F. |
| -- | 0000183561 |
| 245 10 - TITLE STATEMENT | |
| Title | Environmental engineering / |
| Statement of responsibility, etc. | Ruth F. Weiner and Robin A. Matthews. |
| 250 ## - EDITION STATEMENT | |
| Edition statement | 4th ed. |
| 260 ## - PUBLICATION, DISTRIBUTION, ETC. (IMPRINT) | |
| Place of publication, distribution, etc. | Boston : |
| Name of publisher, distributor, etc. | Butterworth-Heinemann, |
| Date of publication, distribution, etc. | 2003. |
| 300 ## - PHYSICAL DESCRIPTION | |
| Extent | xiii, 484 p. |
| 650 #0 - SUBJECT ADDED ENTRY--TOPICAL TERM | |
| Topical term or geographic name as entry element | Environmental engineering. |
| -- | 0000156200 |
| 700 1# - ADDED ENTRY--PERSONAL NAME | |
| Personal name | Matthews, Robin A. |
| -- | 0000183562 |
| 852 1# - LOCATION | |
| -- | p7900 KES |
| 908 ## - PUT COMMAND PARAMETER (RLIN) | |
| Put command parameter | 130403 |
| 950 ## - LOCAL HOLDINGS (RLIN) | |
| -- | 1 |
| Withdrawn status | Lost status | Source of classification or shelving scheme | Not for loan | Home library | Current library | Date acquired | Total Checkouts | Full call number | Barcode | Date last seen | Date last checked out | Price effective from | Koha item type |
|---|---|---|---|---|---|---|---|---|---|---|---|---|---|
| Library of Congress Classification | Kabarak, Main Campus | Kabarak, Main Campus | 17/12/2015 | 1 | TD146 .W45 2003 c. 1 | 014890 | 07/12/2018 | 12/09/2018 | 17/12/2015 | General Collection |